000 00950cam a2200289Ma 4500
001 10279402
003 ARRUPE
005 20150212020005.0
008 121206s2013 enk b 001 0 eng d
020 _a9781846144264 (hardback)
020 _a1846144264 (hardback)
024 _a99953782275
035 _a(OCoLC)ocn833302316
035 _a(NNC)10279402
040 _aNLE
_beng
_cNLE
_dOCLCO
_dYDXCP
_dCDX
_dBUF
_dNhCcYBP
050 4 _aBV4599.5.S55
_bM33 2013
082 0 4 _a248.4/7
_223
100 1 _aMacCulloch, Diarmaid.
_910198
245 1 0 _aSilence :
_ba Christian history /
_cDiarmaid MacCulloch.
260 _aLondon ;
_aNew York :
_bAllen Lane,
_c2013.
300 _axii, 337 p. ;
_c24 cm.
504 _aIncludes bibliographical references (p. 248-304) and index.
650 0 _aSilence
_xReligious aspects
_xChristianity
_xHistory of doctrines.
_910199
942 _2lcc
_cMONOGRAPH
_01
948 1 _a20130619
_bc
_crad1
_dMPS
999 _c120491
_d120491